| 000 | 00938nam a2200229Ia 4500 | ||
|---|---|---|---|
| 999 |
_c38462 _d38462 |
||
| 001 | 4474 | ||
| 003 | GE_BSU | ||
| 005 | 20190527154146.0 | ||
| 008 | 181216s1982|||| |||||||||||||| ||geo|| | ||
| 040 | _cGE_BSU | ||
| 041 | _ageo | ||
| 080 | _a551.510.04(075.8) ე–78 | ||
| 100 |
_aერისთავი,ვ. _91649 |
||
| 245 |
_aატმოსფეროს დაცვა : დამხმ. სახელმძღვ. / _cვ. ერისთავი ; ლ. არხიპოვა ; რ. ალასანია ; რედ : ე. გიორგაძე. |
||
| 264 |
_aთბილისი : _bსპი, _c1982. |
||
| 300 |
_a64გვ .: _c20 სმ. |
||
| 653 | _aატმოსფეროს დაცვა | ||
| 700 |
_aარხიპოვა, ლ _91650 |
||
| 700 |
_aალასანია, რ _91651 |
||
| 700 |
_aგიორგაძე, ე _eრედაქტორი _9398 |
||
| 942 |
_cBK _2udc |
||